El actor en el film
-д хадгалсан:
| Үндсэн зохиолч: | |
|---|---|
| Формат: | Ном |
| Хэл сонгох: | испани |
| Хэвлэсэн: |
Buenos Aires
Nueva Visión
1972
|
| Цуврал: | Fichas, 4
|
| Нөхцлүүд: | |
| Шошгууд: |
Шошго нэмэх
Шошго байхгүй, Энэхүү баримтыг шошголох эхний хүн болох!
|
MARC
| LEADER | 00000nam a2200000 a 4500 | ||
|---|---|---|---|
| 001 | UCO5002 | ||
| 003 | CL-VaPUC | ||
| 008 | 000825e19720000AG |||||||||||||||||spa|d | ||
| 082 | 0 | 4 | |a 791.437 |b PUD |2 21 |
| 100 | 0 | |a Pudovkin, Vsiévolod Ilariónovich |e author |9 449725 | |
| 245 | 1 | 3 | |a El actor en el film |
| 300 | |a 97 p | ||
| 942 | |c BK | ||
| 945 | |d 20000825 00:00:00 |a crobeson | ||
| 260 | |a Buenos Aires |b Nueva Visión |c 1972 | ||
| 650 | 0 | |a Actores de cine |9 356708 | |
| 650 | 7 | |a PELICULAS CINEMATOGRAFICAS |2 CL-VaPUC |9 449726 | |
| 650 | 0 | |a Cine |9 225706 | |
| 650 | 0 | |a Cinematografía |9 265198 | |
| 650 | 0 | |a Artes escénicas |9 318853 | |
| 583 | |a last modification |c 20000825 00:00:00 |k Rodrigo Vera | ||
| 490 | 0 | |a Fichas, 4 | |
| 999 | |c 290959 |d 290957 | ||
| 952 | |0 0 |1 0 |4 0 |6 791_437000000000000_PUD_1972 |7 0 |8 R |9 340591 |a BIBART |b BIBART |d 2019-11-20 |i 1217879 |o 791.437 PUD 1972 |p 1217879 |r 2025-03-13 |w 2019-11-20 |y BK_R |k ART | ||